Ding it doon (Record no. 112441)

MARC details
000 -LEADER
fixed length control field 00959cad a22001935a 4500
001 - CONTROL NUMBER
control field E153267
008 - FIXED-LENGTH DATA ELEMENTS--GENERAL INFORMATION
fixed length control field 110704s2009 xxk f 000 0 eng d
035 ## - SYSTEM CONTROL NUMBER
System control number (Sirsi) u153267
041 0# - LANGUAGE CODE
Language code of text/sound track or separate title eng
110 2# - MAIN ENTRY--CORPORATE NAME
Corporate name or jurisdiction name as entry element Scottish Civic Trust
9 (RLIN) 2679
245 00 - TITLE STATEMENT
Title Ding it doon
Remainder of title a guide to the policy and legislative processes of demolition
Medium [electronic resource]
260 ## - PUBLICATION, DISTRIBUTION, ETC.
Place of publication, distribution, etc. Glasgow
Name of publisher, distributor, etc. Scottish Civic Trust
Date of publication, distribution, etc. 2009
490 #0 - SERIES STATEMENT
Series statement Scottish Civic Trust Briefing Note
520 ## - SUMMARY, ETC.
Summary, etc. Sets out the policy and legislation related to the demolition of buildings. Looks at the planning and building warrant processes, and covers all buildings and structures, both listed and unlisted.
651 #4 - SUBJECT ADDED ENTRY--GEOGRAPHIC NAME
Geographic name Scotland
Chronological subdivision 1999-
690 ## - LOCAL SUBJECT ADDED ENTRY--TOPICAL TERM (OCLC, RLIN)
Topical term or geographic name as entry element ENVIRONMENTAL AND LAND CONSULTANCY-PLANNING AND DEVELOPMENT
856 40 - ELECTRONIC LOCATION AND ACCESS
Uniform Resource Identifier <a href="https://www.scottishcivictrust.org.uk/media/92498/demolition%20briefing%20note%20march%202009.pdf">https://www.scottishcivictrust.org.uk/media/92498/demolition%20briefing%20note%20march%202009.pdf</a>
Public note View the item free of charge at www.scottishcivictrust.org.uk
942 ## - ADDED ENTRY ELEMENTS (KOHA)
Suppress in OPAC 0
Holdings
Withdrawn status Lost status Source of classification or shelving scheme Damaged status Not for loan Home library Current library Shelving location Date acquired Total Checkouts Full call number Barcode Date last seen Copy number Price effective from Koha item type
    Dewey Decimal Classification     Virtual Virtual Online 04/07/2011   ONLINE PUBLICATION 153267-2001 06/08/2019 1 06/08/2019 Book